Country house prices fall in 2011 but regions diverse (Record no. 113182)
[ view plain ]
| 000 -LEADER | |
|---|---|
| fixed length control field | 00973cad a22002055a 4500 |
| 001 - CONTROL NUMBER | |
| control field | L154830 |
| 008 - FIXED-LENGTH DATA ELEMENTS--GENERAL INFORMATION | |
| fixed length control field | 120123s2012 xxk f 000 0 eng d |
| 035 ## - SYSTEM CONTROL NUMBER | |
| System control number | (Sirsi) u154830 |
| 041 0# - LANGUAGE CODE | |
| Language code of text/sound track or separate title | eng |
| 100 1# - MAIN ENTRY--PERSONAL NAME | |
| Personal name | Gilmore, Grainne |
| 245 00 - TITLE STATEMENT | |
| Title | Country house prices fall in 2011 but regions diverse |
| Medium | [electronic resource] |
| 260 ## - PUBLICATION, DISTRIBUTION, ETC. | |
| Place of publication, distribution, etc. | London |
| -- | bKnight Frank |
| Date of publication, distribution, etc. | 2012 |
| 490 #0 - SERIES STATEMENT | |
| Series statement | Knight Frank Prime Country House Index |
| Volume/sequential designation | 4Q 2011 |
| 520 ## - SUMMARY, ETC. | |
| Summary, etc. | Average prices in country house market fell by 3% in 2011. Notes regional differences with Home Counties the most resilient. The Home Counties attracts overseas buyers active in prime central London as well as domestic buyers wishing to move out of central London. The North was the worse performing region. |
| 590 ## - LOCAL NOTE (RLIN) | |
| Local note | KA |
| 651 #4 - SUBJECT ADDED ENTRY--GEOGRAPHIC NAME | |
| Geographic name | United Kingdom |
| Chronological subdivision | |
| 690 ## - LOCAL SUBJECT ADDED ENTRY--TOPICAL TERM (OCLC, RLIN) | |
| Topical term or geographic name as entry element | Residential property |
| 9 (RLIN) | 6266 |
| 856 40 - ELECTRONIC LOCATION AND ACCESS | |
| Uniform Resource Identifier | <a href="https://knightfrank.com/research/">https://knightfrank.com/research/</a> |
| Public note | View the report free of charge under research at www.knightfrank.com |
| 942 ## - ADDED ENTRY ELEMENTS (KOHA) | |
| Suppress in OPAC | 0 |
| Withdrawn status | Lost status | Source of classification or shelving scheme | Damaged status | Not for loan | Home library | Current library | Shelving location | Date acquired | Total Checkouts | Full call number | Barcode | Date last seen | Copy number | Price effective from | Koha item type |
|---|---|---|---|---|---|---|---|---|---|---|---|---|---|---|---|
| Dewey Decimal Classification | Virtual | Virtual | Online | 23/01/2012 | ONLINE PUBLICATION | 154830-2001 | 06/08/2019 | 1 | 06/08/2019 | Book |